| 000 | 00503nam a2200157 a 4500 | ||
|---|---|---|---|
| 001 | 000027874 | ||
| 005 | 20200930031151.0 | ||
| 008 | 110405s1974 dr 000 0 spa d | ||
| 040 |
_aDO-SdBNP _bspa _cBNPHU |
||
| 100 | 1 |
_aPeña Durán, Eliseo de _954947 |
|
| 245 | 1 | 3 |
_aEl padre santo del santo cerro / _cEliseo de Peña Durán. |
| 260 |
_aSanto Domingo : _b[s.n.], _c1974. |
||
| 300 |
_a63 p. ; _c19 cm. |
||
| 586 | _aPrimer premio del Certamen Literario de la Sociedad de Padre Fantino | ||
| 049 | _aBNPD | ||
| 999 |
_c27366 _d27366 |
||